Návrh opatrení na zvýšenie efektívnosti výstupnej kontroly na klientské reklamácie v PCA Slovakia, s.r.o.
Uložené v:
| Hlavný autor: | |
|---|---|
| Ďalší autori: | |
| Médium: | Rukopis Kniha |
| Jazyk: | Slovak |
| Vydavateľské údaje: |
2019
|
| Predmet: | |
| On-line prístup: | http://is.stuba.sk/zp/portal_zp.pl?podrobnosti=134290 |
| Tagy: |
Žiadne tagy, Buďte prvý, kto otaguje tento záznam!
|
MARC
| LEADER | 00000ntm a22000003a 4500 | ||
|---|---|---|---|
| 001 | stuzp71923 | ||
| 003 | SK-STU | ||
| 005 | 20190629210643.8 | ||
| 007 | ta | ||
| 008 | 150427s2015----xo-----f-mn---000-0-slo-d | ||
| 040 | |a STU |b slo | ||
| 041 | 0 | |a slo | |
| 100 | 1 | |a Dúcky, Marek |u 064000 |4 aut |U MTF Materiálovotechnologická fakulta |T MTF Ústav priemyselného inžinierstva a manažmentu |X 85426 |U M4000 |Y 84 |7 85426 | |
| 242 | 0 | 1 | |a Draft measures to increase the efficiency of the final inspection to client complaints in PCA Slovakia, Ltd. |y eng |
| 245 | 1 | 0 | |a Návrh opatrení na zvýšenie efektívnosti výstupnej kontroly na klientské reklamácie v PCA Slovakia, s.r.o. |
| 260 | |c 2019 | ||
| 650 | 4 | |a kvalita |2 slo | |
| 650 | 4 | |a detekcia |2 slo | |
| 650 | 4 | |a chyby |2 slo | |
| 650 | 4 | |a klientské reklamácie |2 slo | |
| 650 | 4 | |a reklamácia |2 slo | |
| 650 | 4 | |a quality |2 eng | |
| 650 | 4 | |a detection |2 eng | |
| 650 | 4 | |a defects |2 eng | |
| 650 | 4 | |a customer complaints |2 eng | |
| 650 | 4 | |a complaints |2 eng | |
| 700 | 1 | |a Hrablik Chovanová, Henrieta |u 064000 |k Z1 |4 ths |U MTF Materiálovotechnologická fakulta |T MTF Ústav priemyselného inžinierstva a manažmentu |X 2766 |U M4000 |Y 84 |7 A000002766 | |
| 856 | 4 | |u http://is.stuba.sk/zp/portal_zp.pl?podrobnosti=134290 | |
| 996 | |c M* BP-8534 |l MMSKP |s P |a 0 |w stuzp71923_0001 | ||